000 00415nam a2200145 i 4500
001 90822
003 ES-MaACL
005 20230906180553.0
007 t|
008 050125s1973 sp ||||1| spa d
245 0 0 _aLecturas cristianas para nuestro tiempo
_b: (segundo trimestre 1973).
260 _aMadrid :
_bApostolado de la Prensa,
_c[1973]
300 _a91 h. ;
_c20 cm.
852 _aES-MaACL
_jC-52541
_bR.85753
999 _c90822
_d90822